000 01876cam a22004814i 4500
003 PE-LiUPU
005 20250731172755.0
008 150617s r 000 0 d
035 _a(Sirsi) a12756
040 _aPE-LiUPU
_bspa
_cPE-LiUPU
_erda
049 _aPRUA
082 0 4 _a232.8
_bL13
_221
100 1 _ade Laburu, José Antonio,
_eautor.
245 1 0 _aJesucristo, ¿Es dios? /
_cJosé Antonio de Laburu.
264 1 _aMontevideo :
_bEditorial Mosca Hermanos,
_c1954.
300 _a123 páginas ;
_c20 cm.
336 _atext
_2rdacontent
337 _aunmediated
_2rdamedia
338 _avolume
_2rdacarrier
505 0 _aDespreocupación religiosa -- Jesucristo en profecía -- Jesucristo en la historia -- Jesucristo ante la ciencia -- Jesucristo ante su obra.
526 _aSEG42
526 _aSEG41
526 _aSEG40
526 _aSEG39
526 _aP94
526 _aP87
526 _aP86
526 _aP85
526 _aP77
526 _aP76
526 _aP35
600 1 _aJesucristo
_xDivinidad
910 _ajck
_bjvq
_cjck
_d20150616
942 _2ddc
_cBOOK
949 _a232.8 L13
_wDEWEY
_c1
_i06145
_lCCODEBUL1
_mBUL
_p00.00
_r0
_sY
_tBOOK
_u19930208
_xTEOLOGIA
_PP35
_0COMPRA
_o.STAFF. Colección general
949 _a232.8 L13
_wDEWEY
_c2
_i07297
_lCCODEBUL1
_mBUL
_p00.00
_r0
_sY
_tBOOK
_u19930208
_xTEOLOGIA
_PP35
_0COMPRA
_o.STAFF. Colección general
994 _aC0
_bPEPRU
596 _a1
999 _a232.8 L13
_wDEWEY
_c3049
_i06145
_f2021-11-11
_g5
_lCCODEBUL1
_mBUL
_r0
_sY
_tBOOK
_u2015-6-17
_xTEOLOGIA
_PP35
_0COMPRA
_o.STAFF. Colección general
_d3049
999 _a232.8 L13
_wDEWEY
_c2
_i07297
_d2019-10-18
_f2021-11-11
_g5
_lCCODEBUL1
_mBUL
_q1
_r0
_sY
_tBOOK
_u2015-6-17
_xTEOLOGIA
_PP35
_0COMPRA
_o.STAFF. Colección general
980 _81
_gALBERTO SANCHEZ Responsable de Automatización